Southville International School and Colleges
Your cart is empty.
  • Cart
  • Lists
    Public lists Eva Luna New books Lux_list list_1
    Your lists Log in to create your own lists
  • Log in to your account
  • Your cookies
  • Search history
Southville International School and Colleges
  • Advanced search
  • Recent comments
  • Most popular
  • Libraries

Log in to your account

Log in with GOOGLE


If you do not have an external account, but do have a local account, you can still log in:

  1. Home
  2. MARC view: Services marketing management :
Normal view MARC view ISBD view

Services marketing management : (Record no. 356983)

[ view plain ]
MARC details
000 -LEADER
fixed length control field 00764nam a2200253Ia 4500
008 - FIXED-LENGTH DATA ELEMENTS--GENERAL INFORMATION
fixed length control field 180523s9999 xx 000 0 und d
020 ## - INTERNATIONAL STANDARD BOOK NUMBER
International Standard Book Number 0-470-09116-9
050 ## - LIBRARY OF CONGRESS CALL NUMBER
Classification number MAIN HD 9980.5
050 ## - LIBRARY OF CONGRESS CALL NUMBER
Item number .K37 2006
100 ## - MAIN ENTRY--PERSONAL NAME
Personal name Kasper, Hans.
245 #0 - TITLE STATEMENT
Title Services marketing management :
245 #2 - TITLE STATEMENT
Remainder of title a strategic perspective /
245 #0 - TITLE STATEMENT
Statement of responsibility, etc Hans Kasper, Piet van Helsdingen, Mark Gabbott.
250 ## - EDITION STATEMENT
Edition statement 2nd Edition
260 ## - PUBLICATION, DISTRIBUTION, ETC. (IMPRINT)
Place of publication, distribution, etc Australia :
260 ## - PUBLICATION, DISTRIBUTION, ETC. (IMPRINT)
Name of publisher, distributor, etc John Wiley & Sons,
260 ## - PUBLICATION, DISTRIBUTION, ETC. (IMPRINT)
Date of publication, distribution, etc 2006
300 ## - PHYSICAL DESCRIPTION
Extent 554 pages :
300 ## - PHYSICAL DESCRIPTION
Other physical details illustrations ;
300 ## - PHYSICAL DESCRIPTION
Dimensions 26 cm.
500 ## - GENERAL NOTE
General note Includes bibliographical references and index.
650 ## - SUBJECT ADDED ENTRY--TOPICAL TERM
Topical term or geographic name as entry element Sercive industries -- Marketing -- Management.
650 ## - SUBJECT ADDED ENTRY--TOPICAL TERM
General subdivision Customer services -- Marketing -- Management.
Holdings
Withdrawn status Lost status Damaged status Home library Current library Shelving location Date acquired Cost, normal purchase price Total Checkouts Full call number Barcode Date last seen Price effective from Koha item type
      South Mansfield College South Mansfield College   01/10/2008 5.00   MAIN HD 9980.5 .K37 2006 SMC04019 05/23/2018 05/23/2018  

Services marketing management :

APA

Kasper H., .Services marketing management. Australia: .

Chicago

Kasper Hans, .Services marketing management. Australia: .

Harvard

Kasper H., .Services marketing management. Australia: .

MLA

Kasper Hans, .Australia: . .

  • Place hold
  • Print
  • Cite
  • Add to your cart (remove)
  • Save record
    BIBTEX Dublin Core MARCXML MARC (non-Unicode/MARC-8) MARC (Unicode/UTF-8) MARC (Unicode/UTF-8, Standard) MODS (XML) RIS
  • More searches
    Search for this title in:
    Other Libraries (WorldCat) Other Databases (Google Scholar) Online Stores (Bookfinder.com) Open Library (openlibrary.org)

Exporting to Dublin Core...

SOUTHVILLE LIBRARY

Southville International School and Colleges Library

1281 Tropical Ave. Cor. Luxembourg St., BF Homes International, Las Pinas City

Tel. No. 8256374 / 252358 Loc. 117/146

Powered by Koha